Movies Quiz

Random Movies or Nominee Quiz

70s Best Picture Nominees by Plot Quiz Stats

 Plays Quiz not verified by Sporcle

Challenge
Share
Tweet
Embed
Score 0/50 Timer 10:00
0 Plays Today
Plot Film % Correct
Luke Skywalker leaves his home planet to save Princess Leia from the clutches of the villainous Darth Vader Star Wars
95.2%
When a great white shark begins to terrorize the small island town of Amity, the local police chief, a marine biologist and a grizzled old fisherman must stop itJaws
94.7%
Upon arrival at a mental institution, a brash rebel rallies patients together to take on the oppressive Nurse RatchedOne Flew Over the Cuckoo's Nest
93.1%
A mentally distubed Vietnam veteran works as a nighttime cab driver in a city whose percieved decadence and sleaze causes him to violently lash out, saving the life of an underage Taxi Driver
93%
The World War II phase of a controversial general's career is depictedPatton
92.8%
Vito Corleone begins his criminal career in 1920s New York, while in 1958 his son tightens his grip on his crime syndicate stretching from Nevada to pre-revolutioanry Cuba, The Godfather: Part II
92.6%
The aging patriarch of an organized crime dynasty transfers control to his reluctant sonThe Godfather
92.5%
When a teenager is possessed by a mysterious entity her mother seeks the help of two priests to save herThe Exorcist
91.9%
A small time boxer gets a once in a liftime chance to fight the heavyweight champ in a bout in which he strives to go the distance for his self respectRocky
91.9%
Reporter's Woodward and Bernstein uncover information on the Watergate scandalAll the President's Men
90.6%
A recently divorced man must learn how to take care of his son on his own, and then fight in court for custody of himKramer vs. Kramer
89.9%
The staff of a Korean War field hospital use humor and hijinks to keep their sanity in the face of the horrors of war MASH
89.5%
A news channel cynically exploits a deranged ex-TV anchor's ravings and revelations about the media for their own profitNetwork
88.7%
Neurotic New York comedian Alvy Singer falls for a lovable ditz Annie Hall
88.3%
During the Vietnam War, Captain Willard is sent into Cambodia to assassinate a renegade Green Beret who has set himself up as the God of a local tribeApocalypse Now
87.8%
In future Britain, a charismatic gang leader is jailed and later volunteers for an experimental aversion therapy to solve the nations crime problem A Clockwork Orange
85.6%
At the opening of a colossal, but poorly constructed, office building the structure catches fire and threatens the lives of all those insideThe Towering Inferno
85.2%
An outdoor fanatic takes his friends on a rafting trip down the Cahulawassee River through the dangerous American back countryDeliverance
84.9%
A pair of NYC cops in the Narcotics Bureau stumble in on a drug deal with foreign tiesThe French Connection
84.2%
A man robs a bank to pay for his lovers operation; it turns into a hostage situation and a media circusDog Day Afternoon
83.2%
A couple of high school grads spend one final night cruising the strip with their buddies before they go off to collegeAmerican Graffiti
82.7%
In pre-revolutiary Russia a poor Jewish man must deal with marrying off his three daughters and growing anti-semitic sentimentFiddler on the Roof
81.6%
An in-depth examination of the way the Vietnam War affects the lives of the people in a small steel town in the United StatesThe Deer Hunter
81.6%
In 1930s Chicago, a young man, seeking revenge for the death of his partner, teams up with a master con man to win a fortune from a criminal bankerThe Sting
80.8%
A football player caught in a collision accident, whose soul is accidentally taken from his body by an over-anxious angel, is sent back to Earth in the body of a recently murdered Heaven Can Wait
78.7%
Plot Film % Correct
A Harvard Law student and a music student share a romantic chemistry they cannot denyLove Story
77.2%
A female girlie club performer in Weimar Republic era Berlin romances two men while the Nazi party rises to power around themCabaret
76.7%
A young single mother and textile worker agrees to unionize her mill despite the problems and dangers involvedNorma Rae
76.5%
A private detective investigating an adultery case stumbles upon a murder scene that has something to with a murder scheme that has something to do with waterChinatown
75%
A group of 50's high schoolers come of age in a bleak, isolated West Texas townThe Last Picture Show
73.1%
The story of an acerbic 1960s comic whose ground breaking, no holds barred style and social commentary was often deemed to obscene for the publicLenny
72%
A woman whose husband is fighting in Vietnam falls in love with another man who suffered a paralyzing injury thereComing Home
71.2%
The sordid life of Joe Gideon, a womanizing, drug using dancer/choreographer/directorAll That Jazz
71%
A manager tries to keep his workplace open during a snowstorm, while a suicide bomber plans to destroy a Boeing 707Airport
70.7%
A small-town teen obsessed with the Italian cycling team vies for the affections of a college girlBreaking Away
66.2%
A man is caught smuggling hashish out of Turkey and is thrown in prisonMidnight Express
65.9%
A paranoid and personally-secretive surveillance expert has a crisis on conscience when he suspects that the couple he is spying on will be murderedThe Conversation
65.7%
After being dumped by her live in boyfriend, an unemployed dancer and her ten year old daughter are forced to live with a struggling off broadway actorThe Goodbye Girl
61.4%
A son of a family of black sharecroppers grow up in the Depression Era South when his father is arrested for stealing foodSounder
53.7%
When her daughter joins a ballet company, a former dancer is forced to confront her long-ago decision to give up the stage to raise a familyThe Turning Point
53.5%
Over the course of a few hectic days numerous interrelated individuals prepare for a political convention as secrets and lies come to the surfaceNashville
52%
A surly oil rig worker lives a life that belies his privileged life as a child prodigy Five Easy Pieces
51.3%
At the behest of an old friend, playwright Lillian Hellman undertakes a dangerous mission to smuggle funds into Nazi GermanyJulia
50.1%
An Irish rogue wins the heart of a rich widow and assumes her dead husband's position in 18th Centuy aristocracyBarry Lyndon
49.6%
The last Tsar of Russia, sensitive to the needs of his people, is overthrown and exiled to Siberia with his familyNicholas and Alexandra
45.6%
A biography of Woody Guthrie, one of America's greatest folk singersBound for Glory
44.8%
A wealthy woman living in Manhattan's Upper East Side struggles with her identity and her sexuality after her husband leaves her for a younger womanAn Unmarried Woman
44.6%
A women dying of cancer in turn of the century Sweden is visited by her two sisters, long repressed feelings between them begin to surfaceCries and Whispers
43.4%
In the middle of the 19th century a group of Swedes move from Sweden to MinnesotaThe Emigrants
40%
A pair of clandestine lovers in a London-Spain tryst begin to fall in love with each otherA Touch of Class
33.4%

You're not logged in!

Compare scores with friends on all Sporcle quizzes.
OR
Log In

You Might Also Like...

Show Comments

Extras

Top Quizzes Today


Score Distribution

Your Account Isn't Verified!

In order to create a playlist on Sporcle, you need to verify the email address you used during registration. Go to your Sporcle Settings to finish the process.

Report this User

Report this user for behavior that violates our Community Guidelines.

Details: